Statistics for Qua- Vocabulary Words

Click here to take the quiz!

General Stats

  • This quiz has been taken 77 times
  • The average score is 14 of 21

Answer Stats

Definition Answer % Correct
Duck soundQuack
100%
US coinQuarter
94%
Earth tremorQuake
91%
Argue, fight withQuarrel
91%
Crystalline mineralQuartz
89%
Be eligible forQualify
83%
Partridge cousinQuail
80%
Wharf, jettyQuay
75%
Charmingly antiquatedQuaint
75%
_______ of Solace Quantum
73%
Thigh muscleQuadricep
72%
Standard of excellenceQuality
70%
Swampy placeQuagmire
64%
Drink heartilyQuaff
63%
Trois + unQuatre
56%
PreyQuarry
56%
Subatomic particleQuark
53%
Two equal a crotchetQuavers
41%
Apprehension, uneaseQualm
39%
Partially, almostQuasi
39%
Legally make void, rejectQuash
34%

Score Distribution

Percentile by Number Answered

Percent of People with Each Score

Your Score History

You have not taken this quiz